00622nam a2200133Ia 4500008004100000245024500041260002900286260000900315300000600324650001300330856005300343999001900396952007300415170516s9999 xx 000 0 und d 2aA Comparison of the Effects of Alpha and Medical-Grade Honey Ointments on Cutaneous Wound Healing in Rats, Shahram Paydar, Majid Akrami, Amirreza Dehghanian, Roshanak Alavi Moghadam, Mohsen Heidarpour, Amir Bahari Khoob, and Behnam Dalfardi bJournal of Pharmaceutics c2016 a: xPharmacy uhttps://www.hindawi.com/journals/jphar/contents/ c330939d330939 001040aCLbCLd2017-05-16l0r2017-05-16 00:00:00w2017-05-16yFOJ